000 00249nam a22001097a 4500
008 170120b xxu||||| |||| 00| 0 eng d
020 _a9781594608414
041 _aeng
080 _a618.2
245 _aLEARNING TO LEARN
_cNEELON, F.A
942 _2udc
_cBK
999 _c3204
_d3204